000 00762nam a22002055i 4500
001 164912
003 ES-MaACL
005 20250716010458.0
008 050812s1862 fr | |||||||| ||fre d
040 _aCAM
_bspa
_cCAM
100 1 _aSchiller, Friedrich,
_d1759-1805
_9104361
245 1 0 _aPoésies de Schiller /
_ctraduction nouvelle par X. Marmier, précédée d'une introduction par le traducteur.
250 _aNouvelle éd.
260 _aParis :
_bCharpentier, libraire-éditeur,
_c1862 (
_fImp. Simon Raçon et Comp.)
300 _a288 p. ;
_c18 cm.
700 1 _aMarmier, Xavier,
_d1809-1892
_9129516
852 _aES-MaACL
_jD-3204
_z-- Enc. tela
_z-- Legado de Modesto de La Fuente
999 _c164912
_d164912